HR Specialist Pennsylvania Employment Law

Detalles Bibliográficos
Formato: eBook
Lenguaje:inglés
Publicado: Falls Church: Business Management Daily, a division of Capitol Information Group, 2015 -
Materias:
Acceso en línea:Acceso restringido

MARC

LEADER 00000nam a22000007a 4500
005 20191018004016.0
007 cr|||| ||||
008 191018c20159999us mr|w s|||| 0|||b1eng d
022 |a 1932-2208 
035 |a 22554 
040 |a vLex 
090 |c 9893  |d 9893 
245 0 0 |a HR Specialist  |h [Recurso electrn̤ico] :  |b Pennsylvania Employment Law 
256 |a Servicio en ln̕ea 
260 |a Falls Church:  |b Business Management Daily, a division of Capitol Information Group,  |c 2015 - 
300 |a 1 recurso electrn̤ico 
310 |a Mensual 
506 1 |a Disponible solo en los productos indicados  |d vLex Global  |d vLex Global (Academic Edition, excluding Law Schools)  |d vLex Global (Academic Edition, Law Schools) 
650 0 4 |a Derecho Laboral y Seguridad Social  |z Estados Unidos 
740 0 |a vLex Revistas (Servicio en ln̕ea) 
856 4 0 |u http://vlex.com/source/22554  |z Acceso restringido 
942 |c REV 
999 0 |a Labor law and social security